The answer = La respuesta /
Guardat en:
| Autors principals: | , |
|---|---|
| Altres autors: | |
| Format: | Desconegut |
| Publicat: |
New York, EE.UU. :
The Feminist Press,
c1994.
|
| Matèries: | |
| Etiquetes: |
Afegir etiqueta
Sense etiquetes, Sigues el primer a etiquetar aquest registre!
|
MARC
| LEADER | 000000000a22000000004500 | ||
|---|---|---|---|
| 001 | 002809 | ||
| 020 | |a 1558610774 | ||
| 041 | 0 | |a eng, eng | |
| 082 | 0 | 4 | |a M861.1B |b J91a |
| 100 | 1 | |a Juana Inés de la Cruz, Sor, |d 1651-1695 | |
| 100 | 1 | |a Powel, Amanda | |
| 245 | 1 | 4 | |a The answer = La respuesta / |c Sor Juana Inés de la Cruz, Amanda Powel ; Electa Arenal, traductora. |
| 246 | |a La respuesta | ||
| 260 | 1 | |a New York, EE.UU. : |b The Feminist Press, |c c1994. | |
| 300 | |a 196 páginas | ||
| 500 | |a Incluye selección de poemas | ||
| 650 | 4 | |a DE LA CRUZ, JUANA INES, SOR, 1651-1695 | |
| 650 | 4 | |a LA RESPUESTA | |
| 650 | 4 | |a AUTORES MEXICANOS | |
| 650 | 4 | |a SIGLO XVII | |
| 650 | 4 | |a MAYAS | |
| 700 | 1 | |a Arenal, Electa, |e traductor | |
| 999 | |c 9163 |d 9163 | ||
| 942 | |c BK |h M861.1B J91a |2 z | ||



